[Event "Open"]
[Site "Geneva SUI"]
[Date "2005.01.25"]
[Round "4"]
[White "Palac,M"]
[Black "Gerber,R"]
[Result "1-0"]
[WhiteElo "2575"]
[BlackElo "2378"]

1.e4 g6 2.d4 Bg7 3.Nc3 d6 4.f4 a6 5.Nf3 b5 6.Bd3 Bb7 7.Qe2 Nd7 8.e5 e6 9.a4 b4
10.Ne4 Qe7 11.a5 f5 12.Neg5 dxe5 13.dxe5 h6 14.Nh3 Nc5 15.Bc4 Qd7 16.Bd2 Rb8
17.Be3 Qc6 18.O-O Ne7 19.Nd4 Qd7 20.Rfd1 Nd5 21.Nxf5 gxf5 22.Bxc5 Qc6 23.Ba7 Rd8
24.Bxd5 Rxd5 25.Rxd5 Qxd5 26.Rd1 Qc6 27.Qh5+ Ke7 28.Qg6 Ra8 29.Bf2 Qxg2+
30.Qxg2 Bxg2 31.Bh4+  1-0

[Event "ch-Kiev"]
[Site "Kiev UKR"]
[Date "2005.01.26"]
[Round "8"]
[White "Pavlov,S2"]
[Black "Moliboga,V"]
[Result "1-0"]
[WhiteElo "2368"]
[BlackElo "2314"]

1.e4 g6 2.d4 Bg7 3.Nc3 d6 4.Nge2 Nc6 5.Be3 Nf6 6.f3 a6 7.Qd2 h6 8.h4 h5 9.Bg5 b5
10.a4 bxa4 11.Rxa4 Nd7 12.Nd5 Nb6 13.Ra1 Nxd5 14.exd5 Nb8 15.Nc3 Nd7 16.Bc4 Nf6
17.Bb5+ Bd7 18.Bxa6 Qb8 19.O-O O-O 20.Ra2 Bc8 21.Bxc8 Rxc8 22.Rxa8 Qxa8 23.Bxf6 Bxf6
24.g3 Rb8 25.b3 Qa7 26.Rd1 Rb4 27.Ne4 Bxd4+ 28.Kg2 Bc5 29.Qg5 Kf8 30.Re1 Bd4
31.c3 Qa2+ 32.Kh3 Rxb3 33.cxd4 Rxf3 34.Qxe7+ Kxe7 35.Nc3+ Kd7 36.Nxa2 Rd3
37.Re4 f5 38.Rf4 Rb3 39.Nc1 Rb5 40.Ne2 Rxd5 41.Rf3 c5 42.dxc5 dxc5 43.Nf4 Rd6
44.Rc3 Kc6 45.Nd3 Kd5 46.Nf4+ Kc6 47.Nd3 Kd5 48.Rxc5+ Kd4 49.Rc1 Ke3 50.Nf4 Kf3
51.Rf1+ Ke3 52.Kg2 Rd2+ 53.Kg1 Rd6 54.Rf2 Ra6 55.Kg2 Kd4 56.Re2 Rb6 57.Re6 Rxe6
58.Nxe6+ Ke5 59.Nf4 Kf6 60.Nh3  1-0

[Event "10th HIT Open A"]
[Site "Nova Gorica SLO"]
[Date "2005.01.29"]
[Round "3"]
[White "Jaracz,P"]
[Black "Azmaiparashvili,Z"]
[Result "0-1"]
[WhiteElo "2532"]
[BlackElo "2662"]

1.e4 d6 2.d4 g6 3.Nc3 Bg7 4.Nf3 Nf6 5.Be3 c6 6.Qd2 Qa5 7.h3 Nbd7 8.Bd3 e5
9.O-O O-O 10.a4 Re8 11.Rfb1 exd4 12.Nxd4 Qc7 13.Re1 Nc5 14.Bh6 Bxh6 15.Qxh6 Qb6
16.Qd2 a5 17.Nf3 Kg7 18.b3 Qb4 19.Rad1 Be6 20.Ng5 Rad8 21.Kh2 h6 22.Nxe6+ Rxe6
23.f3 d5 24.exd5 Nxd5 25.Rxe6 Nxc3 26.Ree1 Nxd3 27.cxd3 Nxd1 28.Qxd1 Qd6+
29.Kh1 Qxd3 30.Qa1+ Qd4 31.Qc1 Rd5 32.Qc2 Rc5 33.Qe2 Rc3 34.Rd1 Qf6 35.Rb1 h5
36.Qd2 c5 37.Qe2 b6 38.Qb5 Re3 39.Rf1 Qe6 40.Rb1 Qd6 41.Rg1 Kf8 42.Rc1 Qd2
43.Rc4 Re1+ 44.Kh2 Re2  0-1

[Event "13th Fajr Open"]
[Site "Tehran IRI"]
[Date "2005.01.29"]
[Round "5"]
[White "Moradi,B"]
[Black "Rajabi Hessar,H"]
[Result "1-0"]
[WhiteElo "2263"]
[BlackElo "2185"]

1.e4 g6 2.d4 Bg7 3.Nc3 d6 4.Nf3 Nf6 5.Bf4 c6 6.Qd2 Qa5 7.Bd3 h6 8.h3 Nh5
9.Be3 Nd7 10.g4 Nhf6 11.O-O-O Nb6 12.Kb1 g5 13.Qe2 e5 14.Bd2 Be6 15.d5 Nbxd5
16.Nxd5 Qd8 17.Nxf6+ Qxf6 18.c4 c5 19.Nh2 a6 20.Nf1 b5 21.Ne3 O-O 22.Nf5 Rfb8
23.h4 bxc4 24.Bxc4 d5 25.hxg5 hxg5 26.Nxg7 Qxg7 27.exd5 Rxb2+ 28.Kxb2 Rb8+
29.Kc2 Bd7 30.Bc3 Ba4+ 31.Bb3  1-0

[Event "13th Fajr Open"]
[Site "Tehran IRI"]
[Date "2005.01.29"]
[Round "5"]
[White "Agamaliev,G"]
[Black "Darban,M"]
[Result "1-0"]
[WhiteElo "2516"]
[BlackElo "2404"]

1.d4 g6 2.e4 Bg7 3.Nc3 d6 4.f4 Nf6 5.Nf3 O-O 6.Bd3 c5 7.dxc5 dxc5 8.e5 Nd5
9.Nxd5 Qxd5 10.Qe2 Bf5 11.Bxf5 gxf5 12.O-O Na6 13.Be3 Qc6 14.Rad1 Rad8 15.a3 Nc7
16.c4 Ne6 17.Qc2 Qe4 18.Qxe4 fxe4 19.Nh4 Nd4 20.Bxd4 Rxd4 21.Nf5 Rxd1 22.Nxe7+ Kh8
23.Rxd1 f6 24.e6 f5 25.Nxf5 Re8 26.e7 Bd4+ 27.Nxd4 cxd4 28.Rxd4 Rxe7 29.Kf2 e3+
30.Ke2  1-0

[Event "10th HIT Open A"]
[Site "Nova Gorica SLO"]
[Date "2005.01.30"]
[Round "5"]
[White "Pavlovic,Mi"]
[Black "Skoberne,J"]
[Result "1-0"]
[WhiteElo "2485"]
[BlackElo "2248"]

1.e4 g6 2.d4 Bg7 3.Nc3 d6 4.Be3 c6 5.Qd2 b5 6.Nf3 Nd7 7.Bd3 Qc7 8.O-O Ngf6
9.Bh6 O-O 10.Ne2 e5 11.Bxg7 Kxg7 12.Ng3 a6 13.a4 Bb7 14.c3 Rfe8 15.Rfe1 Rad8
16.Bc2 c5 17.d5 c4 18.Rf1 Ng8 19.Kh1 Rb8 20.Ng1 Bc8 21.N1e2 b4 22.cxb4 Qb7
23.b5 axb5 24.Nc3 bxa4 25.Rfb1 Nc5 26.Nxa4 Nb3 27.Bxb3 Qxb3 28.Nc3 Bd7 29.f4 f6
30.h3 Rf8 31.Ra2 Qb6 32.Nge2 Ra8 33.Rba1 Rxa2 34.Rxa2 Rf7 35.Ng1 Qd4 36.Nf3 Qb6
37.Qc1 Nh6 38.Ra8 Qf2 39.Qd2 Qg3 40.Ne2 Qf2 41.Neg1 Qg3 42.fxe5 dxe5 43.Qe3 f5
44.Ne2 f4 45.Qc5  1-0

[Event "Oceania zt"]
[Site "Auckland NZL"]
[Date "2005.02.01"]
[Round "4"]
[White "McLaren,B"]
[Black "Van Renen,M"]
[Result "1-0"]
[WhiteElo "2150"]
[BlackElo "2060"]

1.e4 d6 2.d4 g6 3.Nc3 Bg7 4.f4 c5 5.dxc5 dxc5 6.Qxd8+ Kxd8 7.Be3 Bxc3+ 8.bxc3 b6
9.Nf3 e6 10.Bc4 Ke7 11.f5 f6 12.O-O-O Nc6 13.g4 Na5 14.Bb5 a6 15.Bd3 Bb7
16.Rhf1 exf5 17.exf5 g5 18.Nd2 Nh6 19.Rfe1 Kf8 20.h3 Nf7 21.Nc4 Nxc4 22.Bxc4 Ne5
23.Be6 h6 24.Rd6 Bc6 25.Bf2 Ke7 26.Rdd1 Rhd8 27.Rxd8 Rxd8 28.Bg3 Kd6 29.c4 Bg2
30.Re3 Ke7 31.Bxe5 fxe5 32.Bd5 Bxd5 33.Rxe5+ Kf6 34.Rxd5 Rxd5 35.cxd5 Ke5
36.c4 b5 37.Kc2 b4 38.Kb3  1-0

[Event "13th Fajr Open"]
[Site "Tehran IRI"]
[Date "2005.02.01"]
[Round "9"]
[White "Abbasifar,H"]
[Black "Toufighi,H"]
[Result "1-0"]
[WhiteElo "2306"]
[BlackElo "2177"]

1.d4 d6 2.e4 g6 3.Nc3 Bg7 4.f3 Nf6 5.Be3 c6 6.Qd2 O-O 7.Nge2 b5 8.g4 Nbd7
9.Ng3 e5 10.h4 Qc7 11.g5 Ne8 12.f4 exf4 13.Bxf4 Nb6 14.h5 b4 15.Nd1 Qe7 16.Qxb4 Nd5
17.Qd2 Nxf4 18.Qxf4 Bxd4 19.Qh4 Rb8 20.Bd3 Nc7 21.c3 Be5 22.Ne2 Ba6 23.Bxa6 Nxa6
24.b3 Nc5 25.Nf2 Rb7 26.O-O-O d5 27.exd5 Bb8 28.Rd2 cxd5 29.Ng4 Ne4 30.Nf6+ Nxf6
31.gxf6 Qa3+ 32.Kd1 Be5 33.Nf4 Bxf4 34.Qxf4 Rxb3 35.axb3 Qa1+ 36.Kc2 Qa2+
37.Kd3 Qxb3 38.Qb4  1-0

[Event "13th Fajr Open"]
[Site "Tehran IRI"]
[Date "2005.02.01"]
[Round "9"]
[White "Sharbaf,M"]
[Black "Rajabi Hessar,H"]
[Result "1-0"]
[WhiteElo "2403"]
[BlackElo "2185"]

1.e4 g6 2.d4 Bg7 3.Nc3 d6 4.f4 Nf6 5.Nf3 c5 6.Bb5+ Bd7 7.e5 Ng4 8.e6 Bxb5
9.exf7+ Kd7 10.Nxb5 Qa5+ 11.Nc3 Nc6 12.Ne5+ Ngxe5 13.dxe5 Nd4 14.O-O Rad8
15.Ne4 Kc8 16.exd6 exd6 17.c3 d5 18.Ng5 h6 19.Nh3 Nf5 20.g4 Ne7 21.Qe2 Rd7
22.f5 gxf5 23.gxf5 Qb6 24.Qe6 Bf8 25.Nf4 Rh7 26.Kh1 Qc6 27.Ng6 Nxg6 28.Qxc6+ bxc6
29.fxg6 Rh8 30.Bf4 Bg7 31.Rae1 Kd8 32.Be5  1-0

[Event "Oceania zt"]
[Site "Auckland NZL"]
[Date "2005.02.02"]
[Round "6"]
[White "Xie,G"]
[Black "Reilly,T"]
[Result "1-0"]
[WhiteElo "2359"]
[BlackElo "2302"]

1.e4 d6 2.d4 g6 3.Nc3 Bg7 4.f4 Nf6 5.Bd3 O-O 6.Nf3 Na6 7.O-O c5 8.d5 Rb8
9.Re1 Bg4 10.Bc4 Nc7 11.a4 e6 12.dxe6 fxe6 13.Be3 d5 14.exd5 exd5 15.Ba2 b6
16.h3 Bc8 17.Ne5 Bb7 18.Nb5 a6 19.Na7 Ra8 20.a5 Ne6 21.axb6 Qxb6 22.b4 Rxa7
23.bxc5 Nxc5 24.Nd3 Nfe4 25.Rb1 Qc7 26.Rxb7 Rxb7 27.Nxc5 Nxc5 28.Qxd5+ Kh8
29.Qxc5 Qxc5 30.Bxc5 Rd8 31.Kh2 a5 32.Bb3 Bc3 33.Re4 Kg7 34.Rc4 Bf6 35.Bf2 h5
36.Kg3 Rdd7 37.Be1 h4+ 38.Kg4 Rd4 39.Rxd4 Bxd4 40.Bxa5 Bf2 41.Bc3+ Kh6 42.Bf6 Rb4
43.Bg8 Bg3 44.c4 Rb8 45.Bd5 Rf8 46.Be5 Bf2 47.Bd6 Rf5 48.Kf3 Bg3 49.Ke4 Rf6
50.c5  1-0

[Event "Oceania zt"]
[Site "Auckland NZL"]
[Date "2005.02.02"]
[Round "6"]
[White "Song,R"]
[Black "Krstev,A"]
[Result "1-0"]
[WhiteElo "2063"]
[BlackElo "2132"]

1.e4 g6 2.d4 Bg7 3.Nc3 d6 4.Be3 Nf6 5.Qd2 c6 6.f3 h5 7.Bd3 Nbd7 8.Nge2 b5
9.h3 Nb6 10.O-O Bb7 11.f4 Qc7 12.e5 Nfd5 13.exd6 exd6 14.f5 Qe7 15.Bg5 f6
16.fxg6 O-O-O 17.Rae1 Qc7 18.Nf4 Nxf4 19.Bxf4 b4 20.Ne4 Nd5 21.Ng3 Nxf4 22.Qxf4 Kb8
23.Nf5 Bf8 24.Re6 Bc8 25.Rxf6 Bxf5 26.Qxf5 Bg7 27.Rf7 Bxd4+ 28.Kh1 Qc8 29.Qa5 Bc5
30.Bf5 Bb6 31.Qa4 Qc7 32.Rxc7 Kxc7 33.Be6 Rhe8 34.Rf7+ Kb8 35.Qa6 Bc7 36.Qxc6  1-0

[Event "Oceania zt"]
[Site "Auckland NZL"]
[Date "2005.02.03"]
[Round "8"]
[White "Sonter,M"]
[Black "Reilly,T"]
[Result "0-1"]
[WhiteElo "2206"]
[BlackElo "2302"]

1.e4 d6 2.d4 g6 3.Nc3 Bg7 4.Be3 a6 5.a4 Nf6 6.h3 O-O 7.Nf3 b6 8.Bd3 Bb7 9.O-O Nbd7
10.Qe2 e5 11.Rad1 exd4 12.Nxd4 Ne5 13.f3 Nxd3 14.Qxd3 Re8 15.Rfe1 d5 16.exd5 Nxd5
17.Nxd5 Qxd5 18.c3 Rad8 19.Qc2 Rxe3 20.Rxe3 c5 21.Red3 cxd4 22.cxd4 Rc8 23.Qe2 Bf6
24.Kh1 Kg7 25.Rc3 Rd8 26.Rc7 Rd6 27.Qe8 Bc6 28.Qb8 Bxa4 29.Re1 Qxd4 30.Rc8  0-1

[Event "XII TCh-RUS 1st League"]
[Site "Smolensk RUS"]
[Date "2005.02.03"]
[Round "1"]
[White "Matlakov,M"]
[Black "Chadaev,N"]
[Result "1/2-1/2"]
[WhiteElo "2361"]
[BlackElo "2437"]

1.e4 g6 2.d4 Bg7 3.Nc3 d6 4.Be3 a6 5.f4 b5 6.Be2 Bb7 7.Bf3 Nd7 8.e5 Qc8 9.Bxb7 Qxb7
10.Qf3 Qxf3 11.Nxf3 e6 12.a4 b4 13.Na2 a5 14.c3 bxc3 15.Nxc3 Nb6 16.Nb5 Kd7
17.Rc1 Nd5 18.Bd2 Nge7 19.Ke2 h6 20.Rc2 Rhb8 21.Rhc1 Rb7 22.g3 f5 23.h4 Ra6
24.Be1 Nc6 25.Bd2 Bf8 26.exd6 cxd6 27.Rc4 Be7 28.R4c2 Bf6 29.Be1 Na7 30.Na3 Nc6
31.Nb5 Na7 32.Na3 Rb3 33.Nc4 Nc6 34.Bc3 Ra7 35.Ncd2 Rb8 36.Nc4 Ra6 37.Ne3 Nxe3
38.Kxe3 Ne7 39.Ke2 Nd5 40.Bd2 Ra7 41.Be1 Ra6 42.Bd2 Ra7 43.Be1  1/2-1/2

[Event "Oceania zt"]
[Site "Auckland NZL"]
[Date "2005.02.04"]
[Round "9"]
[White "Donaldson,B"]
[Black "Krstev,A"]
[Result "0-1"]
[WhiteElo "2002"]
[BlackElo "2132"]

1.e4 g6 2.d4 Bg7 3.Nc3 d6 4.f4 Nd7 5.Nf3 c5 6.Be3 a6 7.a4 Qa5 8.Be2 Ngf6
9.O-O Ng4 10.Bc1 h5 11.h3 cxd4 12.Nd5 e6 13.b4 Qd8 14.hxg4 hxg4 15.Nxd4 g3
16.Nc7+ Qxc7 17.Be3 Qd8 18.Bg4 e5 19.Nf3 exf4 20.Bxf4 Qb6+  0-1

[Event "XII TCh-RUS 1st League"]
[Site "Smolensk RUS"]
[Date "2005.02.04"]
[Round "3"]
[White "Solovyov,S"]
[Black "Potapov,Alexe"]
[Result "1-0"]
[WhiteElo "2064"]
[BlackElo "2136"]

1.e4 g6 2.d4 Bg7 3.Nc3 d6 4.Be3 Nf6 5.f3 O-O 6.Qd2 Re8 7.O-O-O c6 8.Bh6 Bh8
9.h4 b5 10.h5 b4 11.Nce2 Qa5 12.hxg6 hxg6 13.Kb1 Nbd7 14.Nc1 Ba6 15.Bxa6 Qxa6
16.g4 Qb5 17.Qh2 e5 18.Nge2 Nh7 19.Be3 Ndf8 20.d5 c5 21.Ng3 Bg7 22.Rdg1 Re7
23.g5 Qd7 24.Qe2 Qc8 25.Rh4 c4 26.Rgh1 a5 27.Qh2 a4 28.Rxh7 Nxh7 29.Qxh7+ Kf8
30.Nf5 gxf5 31.exf5 f6 32.gxf6 Bxf6 33.Qg6 Rf7 34.Bg5 Qd8 35.Bxf6 Qxf6 36.Qxf6 Rxf6
37.Rh8+ Ke7 38.Rxa8 b3 39.Rxa4  1-0

[Event "ch-POL u-20"]
[Site "Sroda Wlkp. POL"]
[Date "2005.02.07"]
[Round "10"]
[White "Ejsmont,K"]
[Black "Skalski,M"]
[Result "1/2-1/2"]
[WhiteElo "2356"]
[BlackElo "2350"]

1.e4 g6 2.d4 Bg7 3.Nc3 d6 4.Be3 a6 5.g3 b5 6.Bg2 Bb7 7.a3 e6 8.Nge2 Ne7 9.O-O Nd7
10.Qd2 O-O 11.h4 Nb6 12.b3 Qd7 13.Rad1 Rae8 14.Bh6 Qc8 15.Bxg7 Kxg7 16.Nf4 h6  1/2-1/2

[Event "XII TCh-RUS 1st League"]
[Site "Smolensk RUS"]
[Date "2005.02.08"]
[Round "7"]
[White "Anisimov,P"]
[Black "Chadaev,N"]
[Result "1/2-1/2"]
[WhiteElo "2476"]
[BlackElo "2437"]

1.e4 g6 2.d4 Bg7 3.Nc3 d6 4.f4 Nf6 5.Nf3 c5 6.Bb5+ Bd7 7.Bxd7+ Nfxd7 8.d5 Na6
9.O-O Nc7 10.a4 a6 11.Qe2 O-O 12.Rd1 Rb8 13.a5 b5 14.axb6 Nxb6 15.Bd2 Qc8
16.Ra5 e6 17.dxe6 Qxe6 18.Qd3 Rfe8 19.f5 Qc4 20.Qxd6 Nb5 21.Rxb5 axb5 22.b3 Qb4
23.Nd5 Qxe4 24.Nxb6 Qxc2 25.Bf4 Bf8 26.Qd7 Rxb6 27.Ne5 Re7 28.Qd8 Rb8 29.Qd5 Qxf5
30.Nxg6 Re1+ 31.Kf2 Qxd5 32.Rxd5 Rbe8 33.Nxf8 R8e2+ 34.Kf3 Kxf8 35.Rxc5 Rb2
36.Rxb5 Rf1+ 37.Kg3 Rg1 38.Bd6+ Ke8 39.Kh4 Rgxg2 40.Be5 Rb1 41.b4 Kd7 42.Kh5 Ke6
43.Bg3 Rgb2 44.Rb6+ Kd7 45.Rb7+ Ke6 46.Rb6+ Kd5 47.Rd6+ Ke4 48.Rf6 Rxb4 49.Rf4+ Kd5
50.Rxf7 Rb7 51.Rf5+ Ke6 52.Rf3 R1b5+ 53.Kh6 Rf5 54.Rxf5 Kxf5 55.Be1 Kf6 56.h4 Kf5
57.Bd2 Rd7 58.Bc1 Rb7 59.Bd2 Kg4 60.h5 Rd7 61.Be3 Rc7 62.Bd4 Rc4 63.Bb2 Rc6+
64.Kxh7 Kxh5 65.Kg7 Kg5 66.Kf7 Kf5 67.Ke7 Ke4 68.Bf6 Ra6 69.Bc3 Kd5 70.Bg7 Re6+
71.Kf7 Re3 72.Bf6 Rf3 73.Ke7 Rf1 74.Bb2 Rb1 75.Bc3 Rb3 76.Bg7 Re3+ 77.Kf7 Kd6  1/2-1/2

[Event "XII TCh-RUS 1st League"]
[Site "Smolensk RUS"]
[Date "2005.02.09"]
[Round "8"]
[White "Nikolenko,O"]
[Black "Meshkov,Y"]
[Result "1-0"]
[WhiteElo "2524"]
[BlackElo "2392"]

1.e4 g6 2.d4 Bg7 3.Nc3 d6 4.Nf3 a6 5.Be2 b5 6.O-O Bb7 7.Re1 Nd7 8.Bg5 b4
9.Nd5 h6 10.Bd2 c5 11.dxc5 dxc5 12.c3 e6 13.cxb4 exd5 14.exd5 c4 15.b5 a5
16.Bxc4+ Kf8 17.Qb3 Bf6 18.Bc3 Nb6 19.Rad1 Bxc3 20.Qxc3 Qf6 21.Ne5 Kg7 22.d6 Nxc4
23.Qxc4 Rf8 24.Qc7 Ba8 25.b6 Bxg2 26.Kxg2 Qg5+ 27.Kh1 Nf6 28.d7 Ng4 29.Nxg4 Qxg4
30.Qc3+ Kh7 31.Qf6  1-0

[Event "XII TCh-RUS 1st League"]
[Site "Smolensk RUS"]
[Date "2005.02.10"]
[Round "9"]
[White "Silivanov,S"]
[Black "Chadaev,N"]
[Result "1-0"]
[WhiteElo "2376"]
[BlackElo "2437"]

1.e4 g6 2.d4 Bg7 3.Nc3 d6 4.f4 Nf6 5.Nf3 c5 6.dxc5 Qa5 7.Bd3 Qxc5 8.Qe2 Bg4
9.Be3 Qa5 10.O-O Nc6 11.Qe1 Bxf3 12.Rxf3 O-O 13.Kh1 Rac8 14.a3 Rfe8 15.Rh3 Ng4
16.Bg1 e6 17.Be2 h5 18.Rd3 d5 19.e5 Nh6 20.b4 Qd8 21.Nb5 Nf5 22.Nc3 Nxe5
23.fxe5 Rc4 24.Rad1 Qb8 25.Rf3 Rcc8 26.Bd3 Qxe5 27.Ne2 Bh6 28.h3 Qc7 29.g4 Ng7
30.Qh4 Qe7 31.Qxe7 Rxe7 32.Bc5 Rd7 33.Bd4 hxg4 34.hxg4 Ne8 35.b5 a5 36.Kg2 Bg7
37.Bb6 Ra8 38.Nc1 e5 39.Bc4 d4 40.Nb3 Nd6 41.Nc5 Re7 42.Bd5 Nxb5 43.Ne4 Rc8
44.Rdf1 Nc3 45.Nxc3 dxc3 46.Rxf7 Rxf7 47.Bxf7+ Kh7 48.Be3 Bf8 49.Be6 Re8
50.Bb3 Bxa3 51.Rf7+ Kh8 52.Bg5 Ra8 53.Bf6+ Kg8 54.Rg7+  1-0

[Event "71st ch-BRA"]
[Site "Sao Paulo BRA"]
[Date "2005.02.15"]
[Round "3"]
[White "Mekhitarian,K"]
[Black "Capatti,E"]
[Result "1-0"]
[WhiteElo "2207"]
[BlackElo "2164"]

1.e4 g6 2.d4 Bg7 3.Nc3 d6 4.Bc4 Nf6 5.Qe2 Nc6 6.e5 Nxd4 7.exf6 Nxe2 8.fxg7 Rg8
9.Ngxe2 Rxg7 10.Bh6 Rg8 11.O-O-O Be6 12.Bxe6 fxe6 13.Rhe1 Qd7 14.Nf4 e5 15.Rxe5 dxe5
16.Rxd7 Kxd7 17.Nd3 Rad8 18.Kd2 Ke8 19.Ke3 Rd6 20.h4 Rc6 21.Bg5 Rg7 22.Nxe5 Rb6
23.b3 Ra6 24.a4 Ra5 25.f4 Rxe5+ 26.fxe5 Kd7 27.Nd5 Rf7 28.Nf4 Rf5 29.Ke4 Rf8
30.c4 b6 31.g4 c6 32.Bh6 Rg8 33.c5 bxc5 34.Nd3 Rb8 35.Nxc5+ Kc8 36.Bd2 Kd8
37.e6  1-0

[Event "71st ch-BRA"]
[Site "Sao Paulo BRA"]
[Date "2005.02.16"]
[Round "4"]
[White "Caldeira,A"]
[Black "Capatti,E"]
[Result "1-0"]
[WhiteElo "2320"]
[BlackElo "2164"]

1.e4 g6 2.d4 Bg7 3.Nc3 d6 4.Bg5 a6 5.Qd2 Nd7 6.h4 h5 7.O-O-O b5 8.e5 dxe5
9.dxe5 Bxe5 10.Rh3 c6 11.Qe1 Qc7 12.Re3 f6 13.Nf3 b4 14.Na4 Bd6 15.Red3 b3
16.axb3 fxg5 17.Rxd6 g4 18.Ng5 Ngf6 19.Qe6 Rf8 20.Bd3  1-0

[Event "Extraliga CZE 2004-5"]
[Site "Czech Rep CZE"]
[Date "2005.02.19"]
[Round "6"]
[White "Sosna,J"]
[Black "Vesselovsky,S"]
[Result "1/2-1/2"]
[WhiteElo "2400"]
[BlackElo "2400"]

1.d4 g6 2.e4 Bg7 3.Nc3 d6 4.Bc4 Nf6 5.Nf3 O-O 6.Qe2 c6 7.e5 dxe5 8.dxe5 Nd5
9.Bd2 Bg4 10.h3 Bxf3 11.gxf3 e6 12.h4 Nd7 13.f4 Nxc3 14.Bxc3 Nb6 15.Bb3 h5
16.Bb4 Re8 17.Rd1 Nd5 18.Qf3 Qb6 19.Bd6 Ne7 20.Bxe7 Rxe7 21.O-O Rd8 22.Rfe1 Red7
23.Rxd7 Rxd7 24.f5 gxf5 25.Qxh5 Rd2 26.Re3 Rxf2 27.Bxe6 Qxe3  1/2-1/2

[Event "Aeroflot Open B"]
[Site "Moscow RUS"]
[Date "2005.02.19"]
[Round "5"]
[White "Al Sayed,Mohamad"]
[Black "Zakharevich,I"]
[Result "1-0"]
[WhiteElo "2463"]
[BlackElo "2526"]

1.e4 g6 2.d4 Bg7 3.Nc3 d6 4.Be3 a6 5.Bd3 b5 6.Nf3 Nd7 7.O-O Bb7 8.Re1 c5
9.dxc5 Nxc5 10.Bxc5 dxc5 11.e5 Nh6 12.Be4 Qc7 13.Bxb7 Qxb7 14.Qd5 Qxd5 15.Nxd5 Ra7
16.a4 b4 17.Rad1 e6 18.Nb6 O-O 19.Rd2 Nf5 20.Red1 Ne7 21.g3 h6 22.a5 g5 23.h3 Rb8
24.Rd6 Kh7 25.Rd7 Rbb7 26.Rxb7 Rxb7 27.Rd6 Rc7 28.Rd7 Rxd7 29.Nxd7 c4 30.Nb8 b3
31.c3 Nd5 32.Nxa6 Nxc3 33.bxc3 Bxe5 34.Nd2 Bxc3 35.Nxc4 Bxa5 36.Nc5 Bc3 37.Nxb3 Kg6
38.Kg2 h5 39.Nc5 Bd4 40.Nd3 Ba7 41.g4 hxg4 42.hxg4 f5 43.f3 Kf6 44.Kf1 Bd4
45.Ke2 Ba7 46.Nce5 Bd4 47.Nc6 Bb6 48.Nde5 Bc7 49.Nd7+ Kf7 50.Kd3 Bd6 51.Nd4  1-0

[Event "OCF Winter"]
[Site "Stillwater USA"]
[Date "2005.02.20"]
[Round "3"]
[White "Movsisyan,M"]
[Black "Galant,S"]
[Result "1/2-1/2"]
[WhiteElo "2340"]
[BlackElo "2211"]

1.e4 g6 2.d4 d6 3.Nc3 Bg7 4.Nf3 c5 5.Be3 cxd4 6.Nxd4 Nc6 7.Qd2 Nf6 8.f3 Bd7
9.Bc4 O-O 10.h4 Rc8 11.Bb3 Ne5 12.O-O-O Nc4 13.Bxc4 Rxc4 14.h5 Qa5 15.hxg6 fxg6
16.Nb3 Qc7 17.e5 dxe5 18.Nd5 Nxd5 19.Qxd5+ Rf7 20.Qxd7 Rxc2+ 21.Kb1 Qxd7
22.Rxd7 Rxg2 23.Nd2 h5 24.Rxb7 Re2 25.Rb8+ Rf8 26.Rxf8+ Kxf8  1/2-1/2

[Event "Aeroflot Open B"]
[Site "Moscow RUS"]
[Date "2005.02.23"]
[Round "9"]
[White "Smeets,J"]
[Black "Zakharevich,I"]
[Result "1-0"]
[WhiteElo "2475"]
[BlackElo "2526"]

1.e4 g6 2.d4 Bg7 3.Nc3 d6 4.f4 Nf6 5.Nf3 O-O 6.Bd3 Nc6 7.e5 dxe5 8.fxe5 Nh5
9.Be3 Bg4 10.Be2 f6 11.exf6 exf6 12.O-O Qd7 13.d5 Ne7 14.Ne5 fxe5 15.Rxf8+ Bxf8
16.Bxg4 Nf5  1-0

[Event "3rd Breizh Masters Women"]
[Site "Guingamp FRA"]
[Date "2005.02.24"]
[Round "7"]
[White "Benmesbah,N"]
[Black "Moussard,J"]
[Result "1-0"]
[WhiteElo "2066"]
[BlackElo "2015"]

1.e4 g6 2.d4 Bg7 3.Nc3 d6 4.Nf3 a6 5.a4 Bg4 6.Be2 Nc6 7.Be3 Bxf3 8.Bxf3 e5
9.dxe5 Nxe5 10.Be2 Ne7 11.O-O O-O 12.f4 Nd7 13.Bd4 Nc6 14.Bxg7 Kxg7 15.Nd5 f5
16.exf5 Rxf5 17.Ne3 Rf8 18.f5 Qg5 19.Nd5 Rxf5 20.Rxf5 Qxf5 21.Bg4 Qe4 22.Bxd7 Nd4
23.Nxc7 Rf8 24.Kh1 Kh8 25.Qd3 Qf4 26.Ne6 Nxe6 27.Bxe6 Kg7 28.Bd5 Rf5 29.Bf3 Qb4
30.Qc3+  1-0

[Event "TCh-SWE Elitserien 2004-5"]
[Site "Sweden SWE"]
[Date "2005.02.26"]
[Round "8"]
[White "Olsson,An"]
[Black "Couso,L"]
[Result "1-0"]
[WhiteElo "2416"]
[BlackElo "2339"]

1.e4 d6 2.d4 g6 3.Nc3 Bg7 4.Be3 a6 5.Qd2 b5 6.h4 h6 7.f4 b4 8.Nd1 Nf6 9.Nf2 Nbd7
10.O-O-O e6 11.Ne2 Bb7 12.Ng3 c5 13.h5 Nxh5 14.Nxh5 gxh5 15.Be2 Qc7 16.Kb1 Nb6
17.b3 Rc8 18.dxc5 dxc5 19.Rxh5 Nd7 20.Bc4 Bc3 21.Qe2 Qa5 22.f5 Ne5 23.fxe6 fxe6
24.Rxe5  1-0

[Event "Sozina Open"]
[Site "Bar SCG"]
[Date "2005.03.04"]
[Round "1"]
[White "Schneider,Dm"]
[Black "Joksimovic,Dr"]
[Result "1-0"]
[WhiteElo "2475"]
[BlackElo "2197"]

1.e4 g6 2.d4 Bg7 3.Nc3 d6 4.Be3 Nf6 5.f3 c6 6.Qd2 b5 7.Bh6 Bxh6 8.Qxh6 b4
9.Nd1 Qb6 10.Ne2 Ba6 11.Qd2 Nbd7 12.Ne3 O-O 13.Ng3 Bxf1 14.Rxf1 e6 15.O-O-O c5
16.d5 Qa6 17.Kb1 c4 18.dxe6 c3 19.Qxd6 Nb6 20.e7  1-0

[Event "Acropolis GM Open"]
[Site "Athens GRE"]
[Date "2005.03.06"]
[Round "1"]
[White "Karayannis,A"]
[Black "Koukoufikis,G"]
[Result "1-0"]
[WhiteElo "2388"]
[BlackElo "2144"]

1.d4 d6 2.e4 g6 3.Nc3 Bg7 4.Bg5 c6 5.Qd2 Qa5 6.h4 Nd7 7.h5 Qb4 8.O-O-O h6
9.hxg6 hxg5 10.Rxh8 Bxh8 11.Qxg5 Bxd4 12.gxf7+ Kxf7 13.Nge2 Bxc3 14.Nxc3 Qc5
15.Qh4 Ndf6 16.Be2 b5 17.Rh1 b4 18.Nd1 Be6 19.g4 Qe5 20.g5 Nxe4 21.f4 Qd4
22.Bd3 Bf5 23.Re1 e6 24.Qh5+ Bg6 25.Qf3 d5 26.Ne3 Ke7 27.f5 exf5 28.Nxf5+ Bxf5
29.Qxf5 Rf8 30.Qh7+ Rf7 31.Qxg8 Qf2 32.Rd1 Qe3+ 33.Kb1 Qxg5 34.Qb8 Qg4 35.Qxb4+ c5
36.Qb7+ Kf8 37.Qb8+ Kg7 38.Qe5+ Rf6 39.Rh1 Qe6 40.Rg1+ Kf8 41.Qb8+ Ke7 42.Qc7+ Kf8
43.Qg7+ Ke8 44.Bb5+ Kd8 45.Qxa7 Rg6 46.Qb8+ Ke7 47.Qe8+ Kd6 48.Qd8+ Ke5 49.Qb8+ Kd4
50.Rd1+ Ke3 51.Rd3+ Kf2 52.Qh2+ Rg2 53.Qf4+ Ke1 54.Rd1+ Kxd1 55.Qf1+  1-0

[Event "Acropolis GM Open"]
[Site "Athens GRE"]
[Date "2005.03.06"]
[Round "1"]
[White "Papargyriou,A"]
[Black "Khetsuriani,B"]
[Result "0-1"]
[WhiteElo "2139"]
[BlackElo "2361"]

1.e4 d6 2.d4 g6 3.Nc3 Bg7 4.f4 a6 5.Nf3 b5 6.Bd3 Nd7 7.O-O c5 8.Be3 cxd4
9.Bxd4 Bxd4+ 10.Nxd4 Qb6 11.Be2 e5 12.fxe5 dxe5 13.Nd5 Qa7 14.Kh1 exd4 15.Bg4 h5  0-1

[Event "Sozina Open"]
[Site "Bar SCG"]
[Date "2005.03.06"]
[Round "3"]
[White "Ivanovic,B"]
[Black "Joksimovic,Dr"]
[Result "1-0"]
[WhiteElo "2428"]
[BlackElo "2197"]

1.e4 d6 2.d4 g6 3.Nc3 Bg7 4.Be3 c6 5.Qd2 b5 6.Bd3 b4 7.Nce2 a5 8.h3 Ba6 9.Nf3 Bxd3
10.cxd3 Nd7 11.O-O e5 12.dxe5 Nxe5 13.Nxe5 dxe5 14.a3 b3 15.Qc3 Ne7 16.Qxb3 O-O
17.Rac1 Qd7 18.Rfd1 Rfb8 19.Qc2 a4 20.Nc3 Qb7 21.Nxa4 Qb3 22.Qxb3 Rxb3 23.Rc3 Rb5
24.Nb6  1-0

[Event "Acropolis GM Open"]
[Site "Athens GRE"]
[Date "2005.03.09"]
[Round "4"]
[White "Socko,B"]
[Black "Kotrotsos,V"]
[Result "1-0"]
[WhiteElo "2591"]
[BlackElo "2310"]

1.e4 g6 2.d4 Bg7 3.Nc3 d6 4.Be3 a6 5.a4 b6 6.g3 Bb7 7.Bg2 Nf6 8.Nge2 Ng4
9.Bc1 c5 10.O-O O-O 11.d5 Nd7 12.h3 Ngf6 13.g4 Ne8 14.Ng3 Nc7 15.Bg5 Re8
16.Qd2 b5 17.Bh6 Bh8 18.f4 b4 19.Nd1 e6 20.Bg5 f6 21.Bh6 exd5 22.exd5 Qe7
23.c4 bxc3 24.Nxc3 Qe3+ 25.Qxe3 Rxe3 26.Nge4 f5 27.Nxd6 Bxc3 28.Nxb7 Bxb2
29.Rab1 Bd4 30.Kh2 Ne8 31.gxf5 gxf5 32.d6 Rc8 33.Bd5+ Kh8 34.Rg1 Re2+ 35.Kh1 Ng7
36.Rg3 Rce8 37.Rbg1 R8e3 38.Bxg7+ Bxg7 39.Bf3 Re1 40.Rxg7 Rxg1+ 41.Rxg1 Rxf3
42.Re1 Rg3 43.Nd8 Nf8 44.Re8 Kg7 45.Re7+ Kg8 46.Nf7 Rxh3+ 47.Kg2 Rd3 48.Nh6+ Kh8
49.Nxf5 c4 50.Rf7 Ne6 51.Re7 Nf8 52.Kf2 c3 53.Rf7 Ne6 54.Re7 Nf8 55.Rc7 h5
56.Ke2 Rd2+ 57.Ke3 Ne6 58.Rxc3 Rd1 59.Rc6 Rd5 60.Rc8+ Kh7 61.Ke4 Rd1 62.Ke5 Re1+
63.Kf6 Nxf4 64.d7 Ne6 65.Re8  1-0

[Event "Acropolis Women's GM Open"]
[Site "Athens GRE"]
[Date "2005.03.09"]
[Round "4"]
[White "Houska,Jo"]
[Black "Makropoulou,M"]
[Result "0-1"]
[WhiteElo "2325"]
[BlackElo "2237"]

1.e4 g6 2.d4 Bg7 3.Nc3 d6 4.Be3 a6 5.Bd3 b5 6.Qd2 Bb7 7.Nf3 Nd7 8.a4 b4 9.Ne2 c5
10.c3 Ngf6 11.d5 c4 12.Bc2 b3 13.Bb1 a5 14.Bh6 O-O 15.h4 Bxh6 16.Qxh6 Ng4
17.Qg5 Nge5 18.Nfd4 Nc5 19.Nf4 Qd7 20.h5 Qg4 21.Qh6 Qxf4  0-1

[Event "Sozina Open"]
[Site "Bar SCG"]
[Date "2005.03.09"]
[Round "6"]
[White "Cernousek,L"]
[Black "Zozulia,A"]
[Result "1-0"]
[WhiteElo "2321"]
[BlackElo "2411"]

1.e4 d6 2.d4 g6 3.Nc3 Bg7 4.Be3 c6 5.Qd2 b5 6.f3 Nd7 7.a4 b4 8.Nd1 Rb8 9.c3 Qa5
10.h4 c5 11.h5 bxc3 12.bxc3 cxd4 13.cxd4 Qxd2+ 14.Kxd2 Nc5 15.Ra3 Nb3+ 16.Kc3 Be6
17.Bb5+ Kd8 18.h6 Bf6 19.Kd3 a6 20.Bxa6 Rb4 21.Ne2 Bd7 22.Bb5 Na5 23.Kc3 Rb1
24.Kc2 Rb4 25.Bd2 Rc4+ 26.Kd3  1-0